[Event "Scarborough CC Falling Leaves U1400"]
[Site "Toronto"]
[Date "2011.12.15"]
[Round "7"]
[White "Patel, Saiyam"]
[Black "Roy, Lawrence"]
[Result "0-1"]
[WhiteElo "879"]
[BlackElo "1053"]
[PlyCount "30"]
[EventDate "2011.11.03"]
[EventType "swiss"]
[EventRounds "7"]
[EventCountry "CAN"]
[SourceTitle "EXT 2022"]
[Source "ChessBase"]
[SourceDate "2021.10.06"]
[SourceVersion "1"]
[SourceVersionDate "2021.10.06"]
[SourceQuality "1"]

1. e3 e5 2. Qf3 Nf6 3. Nc3 Bb4 4. Nd5 Nxd5 5. Qxd5 0-0 6. Qe4 d5 7. Qxb4 Re8 8. b3 Nc6 9. Qc3 d4 10. Qd3 Be6 11. Bb2 Nb4 12. Qb5 Nxc2+ 13. Kd1 Nxa1 14. Bxa1 dxe3 15. Qxe5 Qxd2# 0-1

[Event "Scarborough CC Falling Leaves U1400"]
[Site "Toronto"]
[Date "2011.11.24"]
[Round "4"]
[White "Patel, Saiyam"]
[Black "Dattani, Dinesh"]
[Result "0-1"]
[WhiteElo "879"]
[BlackElo "1257"]
[PlyCount "50"]
[EventDate "2011.11.03"]
[EventType "swiss"]
[EventRounds "7"]
[EventCountry "CAN"]
[SourceTitle "EXT 2022"]
[Source "ChessBase"]
[SourceDate "2021.10.06"]
[SourceVersion "1"]
[SourceVersionDate "2021.10.06"]
[SourceQuality "1"]

1. e3 e5 2. Bc4 d5 3. Bb3 Nf6 4. Qf3 Bg4 5. Qg3 Bd6 6. Nf3 e4 7. Ne5 Bxe5 8. Qxe5+ Be6 9. Qf4 0-0 10. Rg1 Nbd7 11. g4 Nc5 12. g5 Nh5 13. Qh4 g6 14. c4 Nxb3 15. axb3 c6 16. f3 exf3 17. cxd5 Bxd5 18. e4 Re8 19. b4 Rxe4+ 20. Qxe4 Bxe4 21. Rg4 Qd3 22. Nc3 Re8 23. Ra3 Bf5+ 24. Re4 Rxe4+ 25. Nxe4 Qe2# 0-1

[Event "Scarborough CC Falling Leaves U1400"]
[Site "Toronto"]
[Date "2011.11.10"]
[Round "2"]
[White "Liao, Jacky"]
[Black "Patel, Saiyam"]
[Result "1-0"]
[WhiteElo "1281"]
[BlackElo "879"]
[PlyCount "61"]
[EventDate "2011.11.03"]
[EventType "swiss"]
[EventRounds "7"]
[EventCountry "CAN"]
[SourceTitle "EXT 2022"]
[Source "ChessBase"]
[SourceDate "2021.10.06"]
[SourceVersion "1"]
[SourceVersionDate "2021.10.06"]
[SourceQuality "1"]

1. e4 e6 2. Nf3 Bc5 3. d4 Bd6 4. Bc4 g5 5. Nxg5 Nf6 6. e5 h6 7. Nf3 b5 8. Bxb5 a6 9. Bc4 Bb7 10. exd6 Bxf3 11. Qxf3 cxd6 12. Qxa8 d5 13. Bd3 Ne4 14. Bxe4 dxe4 15. Qxe4 d5 16. Qe5 f6 17. Qxe6+ Qe7 18. Qxe7+ Kxe7 19. 0-0 Rg8 20. Nc3 Nd7 21. Nxd5+ Ke6 22. c4 Nf8 23. Re1+ Kf7 24. Re7+ Kg6 25. g4 Rg7 26. Nf4+ Kg5 27. Rxg7+ Kh4 28. Ng2+ Kh3 29. f3 Ne6 30. Rg6 Nf8 31. Rxh6# 1-0

[Event "Scarborough CC Howard Ridout U1800"]
[Site "Toronto"]
[Date "2011.09.08"]
[Round "1"]
[White "Patel, Saiyam"]
[Black "Liao, Jacky"]
[Result "0-1"]
[WhiteElo "886"]
[BlackElo "1327"]
[PlyCount "60"]
[EventDate "2011.09.08"]
[EventType "swiss"]
[EventRounds "6"]
[EventCountry "CAN"]
[SourceTitle "EXT 2022"]
[Source "ChessBase"]
[SourceDate "2021.10.06"]
[SourceVersion "1"]
[SourceVersionDate "2021.10.06"]
[SourceQuality "1"]

1. e3 e5 2. Bc4 d5 3. Bb3 a5 4. c4 dxc4 5. Bxc4 Nc6 6. Qf3 Nf6 7. g4 Bxg4 8. Qg2 e4 9. f3 exf3 10. Nxf3 Bxf3 11. Qxf3 Ne5 12. Qf5 Nxc4 13. Rg1 Qd5 14. Qf4 Bd6 15. Qf2 0-0-0 16. Rxg7 Qh1+ 17. Qf1 Qxf1+ 18. Kxf1 Bxh2 19. Rxf7 Rhf8 20. Rxh7 Nxh7+ 21. Ke2 Rf5 22. d3 Ne5 23. d4 Ng4 24. e4 Rf2+ 25. Kd1 Rxd4+ 26. Ke1 Rxe4+ 27. Kd1 Ne3+ 28. Ke1 Bg3 29. Nc3 Nc2+ 30. Kd1 Re1# 0-1

[Event "Scarborough CC Falling Leaves U1700"]
[Site "Toronto"]
[Date "2010.10.28"]
[Round "1"]
[White "Azizi, Hamid"]
[Black "Patel, Saiyam"]
[Result "1-0"]
[WhiteElo "1441"]
[BlackElo "953"]
[PlyCount "71"]
[EventDate "2010.10.28"]
[EventType "swiss"]
[EventRounds "7"]
[EventCountry "CAN"]
[SourceTitle "EXT 2022"]
[Source "ChessBase"]
[SourceDate "2021.10.06"]
[SourceVersion "1"]
[SourceVersionDate "2021.10.06"]
[SourceQuality "1"]

1. e4 e6 2. d4 Bb4+ 3. c3 Ba5 4. Nf3 b5 5. Bxb5 c6 6. Bd3 Ba6 7. 0-0 Qc7 8. Qe2 Qd6 9. Bxa6 Bc7 10. Bb7 g5 11. e5 Qe7 12. Bxg5 Qf8 13. Nbd2 f6 14. Bf4 h6 15. Nc4 Ne7 16. exf6 Qxf6 17. Bxc7 Rg8 18. Nd6+ Kf8 19. Bxa8 Qg6 20. Nh4 Qg5 21. Qf3+ Kg7 22. g3 Rf8 23. Qe4 Ng6 24. Nxg6 Rf6 25. Ne8+ Kf7 26. Nxf6 Kxf6 27. Be5+ Kf7 28. Bxb8 d6 29. Bxd6 h5 30. Ne5+ Kf6 31. Nd7+ Kg7 32. Qxe6 c5 33. Bd5 c4 34. Qg8+ Kh6 35. Bf8+ Qg7 36. Qxg7# 1-0